书目信息 |
| 题名: |
辞海
|
|
| 作者: | 夏征农 主编 | |
| 分册: | 下 艺术分册 | |
| 出版信息: | 上海 上海辞书出版社 1988.7 |
|
| 页数: | 670,45页 | |
| 开本: | 19厘米 | |
| 丛书名: | ||
| 单 册: | ||
| 中图分类: | Z32 , Z3 | |
| 科图分类: | ||
| 主题词: | 词典 | |
| 电子资源: | ||
| ISBN: | 7-5326-0035-1 | |
| 000 | 00668nam0 2200241 45 | |
| 001 | 1537236644 | |
| 005 | 20150129102210.40 | |
| 010 | @a7-5326-0035-1@b精装@dCNY5.55 | |
| 020 | @aCN@b89029264 | |
| 100 | @a19911017d1988 m y0chiy0120 ea | |
| 101 | 0 | @achi |
| 102 | @aCN@b310000 | |
| 105 | @ay e 000yy | |
| 200 | 10 | @a辞海@Aci hai@h下@i艺术分册@Iyi shu fen ce@f夏征农主编@Fxia zheng nong zhu bian |
| 210 | @a上海@c上海辞书出版社@d1988.7 | |
| 215 | @a670,45页@d19厘米 | |
| 540 | 1 | @a辞海@Aci hai |
| 606 | 0 | @a词典 |
| 690 | @aZ32@v1980 | |
| 690 | @aZ3@v4 | |
| 701 | 0 | @a夏征农@Axia zheng nong@4主编 |
| 801 | 0 | @aCN@bTSSF@c20150129 |
| 905 | @aZUCC@dZ3@eJY326:2 | |
| 辞海.下.艺术分册/夏征农主编.-上海:上海辞书出版社,1988.7 |
| 670,45页;19厘米 |
| ISBN 7-5326-0035-1(精装):CNY5.55 |
| ● |
| 相关链接 |
|
|
|
|
正题名:辞海
索取号:Z3/JY326:2
 
预约/预借
| 序号 | 登录号 | 条形码 | 馆藏地/架位号 | 状态 | 备注 |
| 1 | 7863912 | 278639127 | 学院路分馆/ [索取号:Z3/JY326:2] | 在馆 |